Pokemony na literę A - Statystyki

Ogólne statystyki
  • Ten quiz został rozwiązany 16 razy
  • Średni wynik to 12 z 45
Statystyki odpowiedzi
Pokemon % Poprawnych
Abra
78%
Alakazam
67%
Abomasnow
56%
Aerodactyl
56%
Altaria
56%
Arbok
56%
Arcanine
56%
Articuno
56%
Arceus
44%
Aron
44%
Absol
33%
Aggron
33%
Anorith
33%
Armaldo
33%
Axew
33%
Azelf
33%
Aipom
22%
Amaura
22%
Ambipom
22%
Applin
22%
Arboliva
22%
Archen
22%
Arctovish
22%
Arctozolt
22%
Audino
22%
Aurorus
22%
Avalugg
22%
Azumarill
22%
Accelgor
11%
Alomomola
11%
Amoonguss
11%
Ampharos
11%
Annihilape
11%
Appletun
11%
Araquanid
11%
Archaludon
11%
Archeops
11%
Arctibax
11%
Ariados
11%
Armarouge
11%
Aromatisse
11%
Arrokuda
11%
Azurill
11%
Aegislash
0%
Alcremie
0%
Nie znaleziono quizów pasujących do podanych kryteriów
Rozkład punktacji
Procent ludzi z każdym wynikiem
Percentyl według liczby udzielonych odpowiedzi
Twoja historia wyników
Nie rozwiązałeś tego quizu